003660000a2200073000450024501960000004100140019610000250021077300570023510aRevisao da familia Sepsidae na regiao neotropical III. os generos Palaeosepsis Duda, 1926, Archisepsis gen. N. E Microsepsis gen. N., Chave para os generos neotropicals (Diptera, Schizophora)0 aPortugues1 aSilva, Vera Cristina1 tIheringia, Ser.Zool. Porto Alegreh75q117-170d1993